[Event "World Chess Olympiad 2018"]
[Site "Batumi"]
[Date "2018.10.04"]
[Round "10"]
[Board "1"]
[WhiteFideId "405817"]
[White "Greet Andrew N"]
[BlackFideId "11101644"]
[Black "Husbands Orlando"]
[Result "0-1"]
[LiveChessVersion "1.4.8"]
[BlackElo "2262"]
[WhiteElo "2441"]

1. d4 {[%clk 1:30:55]} Nf6 {[%clk 1:30:58]} 2. c4 {[%clk 1:31:17]} e6
{[%clk 1:31:23]} 3. a3 {[%clk 1:31:30]} b6 {[%clk 1:31:25]} 4. Nc3
{[%clk 1:31:02]} Bb7 {[%clk 1:31:41]} 5. Nf3 {[%clk 1:26:34]} d5 {[%clk 1:30:43]}
6. cxd5 {[%clk 1:25:02]} exd5 {[%clk 1:30:45]} 7. Bf4 {[%clk 1:24:06]} Bd6
{[%clk 1:23:57]} 8. Bxd6 {[%clk 1:23:02]} Qxd6 {[%clk 1:24:24]} 9. e3
{[%clk 1:22:49]} O-O {[%clk 1:24:41]} 10. b4 {[%clk 1:20:32]} c6 {[%clk 1:21:44]}
11. Bd3 {[%clk 1:19:16]} a5 {[%clk 1:16:30]} 12. Rb1 {[%clk 1:12:39]} Nbd7
{[%clk 1:11:04]} 13. O-O {[%clk 1:12:57]} Rfe8 {[%clk 1:07:12]} 14. Qc2
{[%clk 1:11:46]} Qe7 {[%clk 0:57:24]} 15. bxa5 {[%clk 1:04:43]} Rxa5
{[%clk 0:57:49]} 16. a4 {[%clk 1:05:07]} Ba6 {[%clk 0:54:23]} 17. Bxa6
{[%clk 0:58:42]} Rxa6 {[%clk 0:54:52]} 18. Rfc1 {[%clk 0:57:25]} g6
{[%clk 0:51:39]} 19. h3 {[%clk 0:55:54]} Rea8 {[%clk 0:44:01]} 20. Ne1
{[%clk 0:54:40]} c5 {[%clk 0:39:22]} 21. Nd3 {[%clk 0:54:00]} Nf8
{[%clk 0:36:25]} 22. Nf4 {[%clk 0:52:55]} Qd7 {[%clk 0:32:17]} 23. Rd1
{[%clk 0:42:34]} cxd4 {[%clk 0:20:37]} 24. Rxd4 {[%clk 0:41:33]} Ne6
{[%clk 0:21:00]} 25. Rxd5 {[%clk 0:30:11]} Nxd5 {[%clk 0:20:16]} 26. Ncxd5
{[%clk 0:30:01]} Qxa4 {[%clk 0:13:00]} 27. Qc3 {[%clk 0:26:08]} Nxf4
{[%clk 0:11:00]} 28. Nf6+ {[%clk 0:24:50]} Kg7 {[%clk 0:08:53]} 29. exf4
{[%clk 0:24:56]} b5 {[%clk 0:08:06]} 30. Nh5+ {[%clk 0:11:51]} Kf8
{[%clk 0:08:35]} 31. Re1 {[%clk 0:11:44]} Re6 {[%clk 0:08:54]} 32. Qg7+
{[%clk 0:08:21]} Ke7 {[%clk 0:07:42]} 33. Rxe6+ {[%clk 0:08:11]} Kxe6
{[%clk 0:08:10]} 34. Qf6+ {[%clk 0:07:54]} Kd7 {[%clk 0:07:21]} 35. Qxf7+
{[%clk 0:08:17]} Kc6 {[%clk 0:07:24]} 36. Nf6 {[%clk 0:07:03]} Qd4
{[%clk 0:05:10]} 37. Qe6+ {[%clk 0:07:00]} Kc5 {[%clk 0:04:18]} 38. Ne4+
{[%clk 0:05:52]} Kb4 {[%clk 0:04:46]} 39. Kh2 {[%clk 0:04:38]} Ra7
{[%clk 0:03:52]} 40. Kg3 {[%clk 0:33:19]} Rd7 {[%clk 0:32:02]} 41. f3
{[%clk 0:30:23]} Qd5 {[%clk 0:28:06]} 42. Qf6 {[%clk 0:28:36]} Rc7
{[%clk 0:23:26]} 43. Qb2+ {[%clk 0:26:15]} Ka5 {[%clk 0:22:58]} 44. Qa3+
{[%clk 0:23:09]} Kb6 {[%clk 0:23:22]} 45. h4 {[%clk 0:23:23]} Qd4
{[%clk 0:19:42]} 46. Qb3 {[%clk 0:20:53]} b4 {[%clk 0:18:55]} 47. Qe6+
{[%clk 0:20:01]} Rc6 {[%clk 0:17:12]} 48. Qg8 {[%clk 0:19:34]} Kb5
{[%clk 0:13:51]} 49. h5 {[%clk 0:11:31]} gxh5 {[%clk 0:08:24]} 50. Qb8+
{[%clk 0:11:30]} Rb6 {[%clk 0:07:44]} 51. Qe8+ {[%clk 0:11:33]} Ka5
{[%clk 0:06:43]} 52. f5 {[%clk 0:10:16]} h4+ {[%clk 0:05:36]} 53. Kxh4
{[%clk 0:06:16]} b3 {[%clk 0:05:08]} 54. Qf7 {[%clk 0:05:03]} b2 {[%clk 0:03:59]}
55. Qa2+ {[%clk 0:05:04]} Kb4 {[%clk 0:03:33]} 56. Kg4 {[%clk 0:03:22]} Qg7+
{[%clk 0:02:21]} 57. Kf4 {[%clk 0:03:42]} Qc7+ {[%clk 0:02:14]} 58. Kg4
{[%clk 0:03:26]} Qc1 {[%clk 0:01:49]} 59. Qa7 {[%clk 0:02:30]} h5+
{[%clk 0:01:43]} 60. Kg3 {[%clk 0:02:32]} Qe1+ {[%clk 0:01:07]} 61. Kf4
{[%clk 0:02:32]} Qc1+ {[%clk 0:00:40]} 62. Kg3 {[%clk 0:02:35]} h4+
{[%clk 0:00:40]} 63. Kg4 {[%clk 0:02:28]} Rb5 {[%clk 0:00:33]} 64. Qd4+
{[%clk 0:01:59]} Ka3 {[%clk 0:00:36]} 65. Qd6+ {[%clk 0:00:41]} Rb4
{[%clk 0:00:37]} 66. Qa6+ {[%clk 0:00:32]} Ra4 {[%clk 0:00:46]} 67. Qd6+
{[%clk 0:00:37]} Ka2 {[%clk 0:00:47]} 68. Qd5+ {[%clk 0:00:31]} Qc4
{[%clk 0:00:59]} 69. Qd2 {[%clk 0:00:54]} Ka1 {[%clk 0:00:56]} 70. Kxh4
{[%clk 0:01:13]} b1=Q {[%clk 0:00:50]} 71. g3 {[%clk 0:00:53]} Qh1+
{[%clk 0:00:57]} 72. Kg4 {[%clk 0:00:34]} Qg8+ {[%clk 0:01:20]} 0-1

[Event "World Chess Olympiad 2018"]
[Site "Batumi"]
[Date "2018.10.04"]
[Round "10"]
[Board "2"]
[WhiteFideId "11100400"]
[White "Del Castilho Martyn"]
[BlackFideId "2401878"]
[Black "Tate Alan"]
[Result "1/2-1/2"]
[LiveChessVersion "1.4.8"]
[BlackElo "2345"]
[WhiteElo "2250"]

1. e4 {[%clk 1:30:57]} e5 {[%clk 1:29:42]} 2. Nf3 {[%clk 1:31:07]} Nc6
{[%clk 1:30:10]} 3. Bb5 {[%clk 1:30:45]} Nf6 {[%clk 1:30:33]} 4. d3
{[%clk 1:30:43]} Bc5 {[%clk 1:30:54]} 5. O-O {[%clk 1:30:47]} Nd4
{[%clk 1:31:00]} 6. Nxd4 {[%clk 1:31:09]} Bxd4 {[%clk 1:31:28]} 7. c3
{[%clk 1:31:10]} Bb6 {[%clk 1:31:43]} 8. Nd2 {[%clk 1:27:45]} c6 {[%clk 1:31:01]}
9. Ba4 {[%clk 1:28:04]} d6 {[%clk 1:27:41]} 10. Bc2 {[%clk 1:23:42]} O-O
{[%clk 1:23:58]} 11. Nc4 {[%clk 1:21:58]} Bc7 {[%clk 1:22:03]} 12. Ne3
{[%clk 0:58:08]} d5 {[%clk 1:21:30]} 13. Qf3 {[%clk 0:56:21]} d4 {[%clk 1:18:00]}
14. Nf5 {[%clk 0:56:03]} Bxf5 {[%clk 1:16:14]} 15. Qxf5 {[%clk 0:56:19]} Re8
{[%clk 1:09:27]} 16. Bg5 {[%clk 0:52:44]} Bb6 {[%clk 0:59:18]} 17. Bxf6
{[%clk 0:46:16]} Qxf6 {[%clk 0:59:24]} 18. Qxf6 {[%clk 0:46:40]} gxf6
{[%clk 0:59:50]} 19. c4 {[%clk 0:47:03]} Bc7 {[%clk 0:54:49]} 20. Rfc1
{[%clk 0:44:56]} Bd6 {[%clk 0:49:13]} 21. Re1 {[%clk 0:43:36]} Kf8
{[%clk 0:47:37]} 22. Bd1 {[%clk 0:43:32]} Ke7 {[%clk 0:46:12]} 23. Bg4
{[%clk 0:43:39]} a5 {[%clk 0:44:48]} 24. Rec1 {[%clk 0:43:36]} Bc5
{[%clk 0:44:46]} 25. Bf5 {[%clk 0:43:10]} h6 {[%clk 0:44:54]} 26. Kf1
{[%clk 0:41:45]} Kd6 {[%clk 0:41:30]} 27. Ke2 {[%clk 0:41:26]} a4
{[%clk 0:41:21]} 28. Kd2 {[%clk 0:33:30]} a3 {[%clk 0:36:21]} 29. b3
{[%clk 0:33:48]} Bb4+ {[%clk 0:36:25]} 30. Kc2 {[%clk 0:31:18]} Bc3
{[%clk 0:31:00]} 31. Rab1 {[%clk 0:31:41]} Kc5 {[%clk 0:31:06]} 32. Rd1
{[%clk 0:29:53]} b5 {[%clk 0:30:53]} 33. g3 {[%clk 0:27:25]} Red8
{[%clk 0:29:40]} 34. Bg4 {[%clk 0:26:22]} Kd6 {[%clk 0:23:01]} 35. h4
{[%clk 0:26:02]} Ke7 {[%clk 0:21:54]} 36. Be2 {[%clk 0:24:33]} Bb4
{[%clk 0:16:26]} 37. Bf1 {[%clk 0:20:20]} Rd6 {[%clk 0:15:59]} 38. Be2
{[%clk 0:19:08]} Rad8 {[%clk 0:14:52]} 39. Bf1 {[%clk 0:16:44]} Kf8
{[%clk 0:13:39]} 40. Be2 {[%clk 0:46:21]} Kg7 {[%clk 0:43:59]} 41. h5
{[%clk 0:44:12]} Kf8 {[%clk 0:43:32]} 42. g4 {[%clk 0:41:53]} Ke7
{[%clk 0:43:41]} 43. Rg1 {[%clk 0:38:49]} Kd7 {[%clk 0:42:50]} 44. Rbd1
{[%clk 0:38:29]} Kc7 {[%clk 0:43:01]} 45. Bf1 {[%clk 0:38:15]} Kb6
{[%clk 0:43:18]} 46. Be2 {[%clk 0:38:30]} Kc5 {[%clk 0:43:41]} 47. Bf1
{[%clk 0:38:36]} R6d7 {[%clk 0:43:13]} 48. Be2 {[%clk 0:38:46]} Rg8
{[%clk 0:41:18]} 49. Rg3 {[%clk 0:38:20]} Ba5 {[%clk 0:38:46]} 50. Bf1
{[%clk 0:37:51]} Kb4 {[%clk 0:38:41]} 51. Be2 {[%clk 0:38:06]} Bc7
{[%clk 0:38:51]} 52. Bf1 {[%clk 0:38:14]} Kc5 {[%clk 0:31:34]} 53. Be2
{[%clk 0:38:36]} Rdd8 {[%clk 0:30:13]} 54. Rdg1 {[%clk 0:37:26]} Bd6
{[%clk 0:27:49]} 55. Rb1 {[%clk 0:36:35]} Kb4 {[%clk 0:25:26]} 56. Rbg1
{[%clk 0:36:49]} Be7 {[%clk 0:25:34]} 57. Bf1 {[%clk 0:34:48]} Ka5
{[%clk 0:25:20]} 58. Be2 {[%clk 0:34:54]} Bc5 {[%clk 0:24:04]} 59. R1g2
{[%clk 0:29:11]} Rd6 {[%clk 0:23:10]} 60. Rg1 {[%clk 0:28:07]} Rgd8
{[%clk 0:16:31]} 61. Rd1 {[%clk 0:27:58]} Rg8 {[%clk 0:16:26]} 62. Rdg1
{[%clk 0:27:45]} Kb6 {[%clk 0:16:07]} 63. Rd1 {[%clk 0:27:38]} Kc7
{[%clk 0:15:48]} 64. Rdg1 {[%clk 0:27:45]} Kd7 {[%clk 0:15:54]} 65. Rd1
{[%clk 0:27:32]} Ke7 {[%clk 0:16:05]} 66. Rdg1 {[%clk 0:24:41]} bxc4
{[%clk 0:09:45]} 67. bxc4 {[%clk 0:19:30]} Rb8 {[%clk 0:09:53]} 68. Rb1
{[%clk 0:19:46]} Rdd8 {[%clk 0:06:20]} 69. Rgg1 {[%clk 0:19:52]} Bb4
{[%clk 0:06:38]} 70. Rb3 {[%clk 0:19:49]} Bc3 {[%clk 0:07:04]} 71. Rxb8
{[%clk 0:18:47]} Rxb8 {[%clk 0:07:30]} 72. Rb1 {[%clk 0:19:04]} Bb2
{[%clk 0:07:08]} 73. Kd2 {[%clk 0:18:32]} Bc3+ {[%clk 0:07:30]} 74. Kc2
{[%clk 0:18:59]} Bb2 {[%clk 0:07:57]} 75. Kd2 {[%clk 0:19:24]} Kd6
{[%clk 0:08:16]} 76. Bd1 {[%clk 0:18:59]} Rg8 {[%clk 0:08:07]} 77. f3
{[%clk 0:19:08]} Rb8 {[%clk 0:07:51]} 78. Bc2 {[%clk 0:19:09]} Ke6
{[%clk 0:07:45]} 79. Ba4 {[%clk 0:18:32]} Kd7 {[%clk 0:07:20]} 80. Kc2
{[%clk 0:18:42]} Rb4 {[%clk 0:07:35]} 81. Bb3 {[%clk 0:19:02]} Ke7
{[%clk 0:07:50]} 82. Rg1 {[%clk 0:19:22]} Bc3 {[%clk 0:08:03]} 83. Rg2
{[%clk 0:19:14]} Rb8 {[%clk 0:08:28]} 84. Rg1 {[%clk 0:18:54]} Rg8
{[%clk 0:08:55]} 85. Kd1 {[%clk 0:18:49]} f5 {[%clk 0:08:04]} 86. exf5
{[%clk 0:18:38]} Kf6 {[%clk 0:08:32]} 87. Ke2 {[%clk 0:18:38]} Kg5
{[%clk 0:08:43]} 88. Rb1 {[%clk 0:18:43]} Rb8 {[%clk 0:08:10]} 89. Bc2
{[%clk 0:19:00]} Bb2 {[%clk 0:08:21]} 90. Ba4 {[%clk 0:16:52]} Rb6
{[%clk 0:08:49]} 91. Bd1 {[%clk 0:15:41]} Rb4 {[%clk 0:09:05]} 92. Kf2
{[%clk 0:15:29]} Kf4 {[%clk 0:09:18]} 93. Be2 {[%clk 0:15:43]} Rb8
{[%clk 0:09:00]} 94. Bd1 {[%clk 0:15:53]} Ra8 {[%clk 0:08:53]} 95. Be2
{[%clk 0:16:11]} Ra7 {[%clk 0:09:01]} 96. Bd1 {[%clk 0:16:34]} Kg5
{[%clk 0:08:29]} 97. Be2 {[%clk 0:16:56]} Rb7 {[%clk 0:07:36]} 98. Bd1
{[%clk 0:17:10]} Rb4 {[%clk 0:06:56]} 99. Be2 {[%clk 0:17:33]} Kf6
{[%clk 0:06:33]} 100. Bd1 {[%clk 0:17:48]} Ke7 {[%clk 0:06:49]} 101. Bc2
{[%clk 0:17:40]} Rb8 {[%clk 0:06:45]} 102. Ke2 {[%clk 0:15:43]} Kd6
{[%clk 0:07:02]} 103. Kd2 {[%clk 0:15:21]} Rd8 {[%clk 0:06:27]} 104. Rg1
{[%clk 0:15:19]} Rg8 {[%clk 0:06:43]} 105. Ba4 {[%clk 0:14:31]} Ra8
{[%clk 0:06:22]} 106. Bb3 {[%clk 0:14:45]} Bc3+ {[%clk 0:06:32]} 107. Ke2
{[%clk 0:14:45]} Rb8 {[%clk 0:06:21]} 108. Rb1 {[%clk 0:15:09]} Ke7
{[%clk 0:06:34]} 109. Bc2 {[%clk 0:15:26]} Bb2 {[%clk 0:06:20]} 110. Ba4
{[%clk 0:15:43]} Kd6 {[%clk 0:06:04]} 111. Bc2 {[%clk 0:16:03]} Kc5
{[%clk 0:06:29]} 112. Bd1 {[%clk 0:15:26]} Rg8 {[%clk 0:06:31]} 113. Kd2
{[%clk 0:15:26]} Kd6 {[%clk 0:06:47]} 114. Ke1 {[%clk 0:15:40]} Ke7
{[%clk 0:06:42]} 115. Kf2 {[%clk 0:16:00]} Kd6 {[%clk 0:06:56]} 1/2-1/2

[Event "World Chess Olympiad 2018"]
[Site "Batumi"]
[Date "2018.10.04"]
[Round "10"]
[Board "3"]
[WhiteFideId "2402564"]
[White "Sreeves Clement"]
[BlackFideId "11100516"]
[Black "Blackman Justin"]
[Result "0-1"]
[LiveChessVersion "1.4.8"]
[BlackElo "2158"]
[WhiteElo "2382"]

1. e4 {[%clk 1:30:56]} c5 {[%clk 1:30:55]} 2. Nf3 {[%clk 1:31:23]} d6
{[%clk 1:31:14]} 3. d4 {[%clk 1:31:48]} cxd4 {[%clk 1:31:39]} 4. Nxd4
{[%clk 1:32:14]} Nf6 {[%clk 1:32:03]} 5. Nc3 {[%clk 1:32:40]} a6 {[%clk 1:32:29]}
6. Be3 {[%clk 1:33:05]} e5 {[%clk 1:32:51]} 7. Nb3 {[%clk 1:33:30]} Be6
{[%clk 1:33:15]} 8. Qd2 {[%clk 1:33:49]} Be7 {[%clk 1:33:33]} 9. O-O-O
{[%clk 1:34:06]} Nbd7 {[%clk 1:33:11]} 10. f4 {[%clk 1:34:21]} Rc8
{[%clk 1:31:49]} 11. Kb1 {[%clk 1:34:12]} b5 {[%clk 1:27:44]} 12. f5
{[%clk 1:33:57]} Bc4 {[%clk 1:26:22]} 13. g4 {[%clk 1:21:09]} b4 {[%clk 1:00:43]}
14. Nd5 {[%clk 1:19:55]} Nxd5 {[%clk 0:57:29]} 15. exd5 {[%clk 1:19:56]} Bxf1
{[%clk 0:52:31]} 16. Rdxf1 {[%clk 1:18:15]} a5 {[%clk 0:50:23]} 17. f6
{[%clk 0:42:00]} Nxf6 {[%clk 0:47:29]} 18. g5 {[%clk 0:42:16]} Nd7
{[%clk 0:42:01]} 19. Nc1 {[%clk 0:26:47]} O-O {[%clk 0:37:02]} 20. h4
{[%clk 0:25:04]} f5 {[%clk 0:35:00]} 21. gxf6 {[%clk 0:24:48]} Rxf6
{[%clk 0:32:28]} 22. Rfg1 {[%clk 0:24:26]} Rg6 {[%clk 0:30:56]} 23. Rxg6
{[%clk 0:21:50]} hxg6 {[%clk 0:31:21]} 24. h5 {[%clk 0:19:30]} gxh5
{[%clk 0:30:48]} 25. Rxh5 {[%clk 0:19:36]} Nf6 {[%clk 0:30:31]} 26. Rh3
{[%clk 0:07:43]} Qd7 {[%clk 0:24:49]} 27. Qg2 {[%clk 0:04:27]} Qf5
{[%clk 0:19:05]} 28. Rg3 {[%clk 0:04:52]} Qh7 {[%clk 0:18:44]} 29. Nb3
{[%clk 0:04:23]} Bd8 {[%clk 0:16:23]} 30. Bg5 {[%clk 0:03:45]} Ne4
{[%clk 0:14:44]} 31. Rh3 {[%clk 0:01:33]} Qg6 {[%clk 0:13:44]} 32. Qh1
{[%clk 0:00:36]} Nxg5 {[%clk 0:12:29]} 33. Rh8+ {[%clk 0:00:57]} Kf7
{[%clk 0:12:53]} 34. Qf1+ {[%clk 0:01:10]} Ke7 {[%clk 0:07:07]} 35. Qf8+
{[%clk 0:01:35]} Kd7 {[%clk 0:07:25]} 36. Nc5+ {[%clk 0:01:53]} dxc5
{[%clk 0:07:16]} 37. Rg8 {[%clk 0:02:22]} Ne6 {[%clk 0:03:24]} 38. dxe6+
{[%clk 0:02:42]} Qxe6 {[%clk 0:03:23]} 39. Rxg7+ {[%clk 0:02:47]} Be7
{[%clk 0:02:31]} 40. Qf1 {[%clk 0:33:08]} c4 {[%clk 0:31:16]} 41. Qg2
{[%clk 0:33:11]} Rc6 {[%clk 0:27:51]} 42. Qe4 {[%clk 0:31:39]} Kc7
{[%clk 0:24:56]} 43. Qe3 {[%clk 0:31:13]} Kb7 {[%clk 0:23:37]} 44. Qe4
{[%clk 0:31:12]} Kb6 {[%clk 0:23:31]} 45. a4 {[%clk 0:26:46]} Qf6
{[%clk 0:16:17]} 46. Rg8 {[%clk 0:20:46]} Qf1+ {[%clk 0:16:02]} 47. Ka2
{[%clk 0:21:14]} b3+ {[%clk 0:16:23]} 48. cxb3 {[%clk 0:21:38]} cxb3+
{[%clk 0:16:49]} 49. Kxb3 {[%clk 0:22:01]} Qf7+ {[%clk 0:17:10]} 50. Qc4
{[%clk 0:22:12]} Qxc4# {[%clk 0:17:32]} 0-1

[Event "World Chess Olympiad 2018"]
[Site "Batumi"]
[Date "2018.10.04"]
[Round "10"]
[Board "4"]
[WhiteFideId "11101660"]
[White "Prescod Bryan"]
[BlackFideId "2400049"]
[Black "McKay Roderick M"]
[Result "0-1"]
[LiveChessVersion "1.4.8"]
[BlackElo "2301"]
[WhiteElo "2039"]

1. d4 {[%clk 1:30:57]} d6 {[%clk 1:30:04]} 2. Nf3 {[%clk 1:31:17]} f5
{[%clk 1:29:51]} 3. Nc3 {[%clk 1:31:27]} Nf6 {[%clk 1:30:12]} 4. Bg5
{[%clk 1:31:27]} c6 {[%clk 1:30:21]} 5. Bxf6 {[%clk 1:31:22]} exf6
{[%clk 1:30:38]} 6. e4 {[%clk 1:31:13]} fxe4 {[%clk 1:28:39]} 7. Nxe4
{[%clk 1:31:03]} d5 {[%clk 1:27:44]} 8. Ng3 {[%clk 1:30:14]} Bd6 {[%clk 1:26:07]}
9. Qe2+ {[%clk 1:18:05]} Qe7 {[%clk 1:18:12]} 10. Qxe7+ {[%clk 1:18:12]} Kxe7
{[%clk 1:18:07]} 11. O-O-O {[%clk 1:16:30]} Bg4 {[%clk 1:16:12]} 12. Re1+
{[%clk 1:13:29]} Kf7 {[%clk 1:11:36]} 13. Nh4 {[%clk 1:09:00]} g6
{[%clk 1:10:23]} 14. h3 {[%clk 1:08:56]} Bd7 {[%clk 1:08:25]} 15. Bd3
{[%clk 1:03:25]} Na6 {[%clk 1:06:46]} 16. a3 {[%clk 1:02:07]} Nc7
{[%clk 1:07:01]} 17. Nf3 {[%clk 1:01:40]} Ne6 {[%clk 1:05:38]} 18. Ne2
{[%clk 1:00:34]} Rhe8 {[%clk 1:03:03]} 19. g3 {[%clk 0:54:16]} b5
{[%clk 0:58:47]} 20. h4 {[%clk 0:48:25]} h5 {[%clk 0:55:13]} 21. Reg1
{[%clk 0:44:35]} Ng7 {[%clk 0:47:41]} 22. Ne1 {[%clk 0:43:22]} Re7
{[%clk 0:45:53]} 23. f3 {[%clk 0:37:25]} Rae8 {[%clk 0:45:18]} 24. Kd2
{[%clk 0:37:27]} Bf5 {[%clk 0:36:53]} 25. Rg2 {[%clk 0:37:07]} Bxd3
{[%clk 0:36:08]} 26. Nxd3 {[%clk 0:37:25]} Nf5 {[%clk 0:36:15]} 27. Rhg1
{[%clk 0:30:27]} Ne3 {[%clk 0:34:26]} 28. Rf2 {[%clk 0:30:42]} Nxc2
{[%clk 0:30:37]} 29. Rc1 {[%clk 0:28:25]} Ne3 {[%clk 0:29:24]} 30. Rxc6
{[%clk 0:27:18]} Nc4+ {[%clk 0:29:39]} 31. Kd1 {[%clk 0:27:20]} Re3
{[%clk 0:29:13]} 32. Ndf4 {[%clk 0:21:50]} Nxb2+ {[%clk 0:27:39]} 33. Kd2
{[%clk 0:22:15]} Nc4+ {[%clk 0:27:38]} 34. Kd1 {[%clk 0:22:02]} Rxa3
{[%clk 0:23:08]} 35. Nxd5 {[%clk 0:20:06]} Ra1+ {[%clk 0:19:28]} 36. Kc2
{[%clk 0:19:18]} Ra2+ {[%clk 0:19:32]} 37. Kd1 {[%clk 0:18:37]} Rd2+
{[%clk 0:18:20]} 0-1

[Event "World Chess Olympiad 2018"]
[Site "Batumi"]
[Date "2018.10.04"]
[Round "10"]
[Board "1"]
[WhiteFideId "6900224"]
[White "De La Riva Aguado Oscar"]
[BlackFideId "7400179"]
[Black "Elliott Warren"]
[Result "1-0"]
[LiveChessVersion "1.4.8"]
[BlackElo "2206"]
[WhiteElo "2475"]

1. e4 {[%clk 1:30:47]} c5 {[%clk 1:30:47]} 2. Nf3 {[%clk 1:30:41]} Nc6
{[%clk 1:31:01]} 3. Bb5 {[%clk 1:29:59]} d6 {[%clk 1:29:31]} 4. Bxc6+
{[%clk 1:27:16]} bxc6 {[%clk 1:29:53]} 5. O-O {[%clk 1:27:39]} Bg4
{[%clk 1:22:29]} 6. Re1 {[%clk 1:26:17]} e5 {[%clk 1:21:23]} 7. h3
{[%clk 1:24:33]} Bh5 {[%clk 1:19:14]} 8. c3 {[%clk 1:23:43]} Nf6 {[%clk 1:11:53]}
9. d3 {[%clk 1:18:24]} Be7 {[%clk 1:11:24]} 10. Nbd2 {[%clk 1:18:32]} g5
{[%clk 1:00:11]} 11. Qa4 {[%clk 1:13:38]} Qc8 {[%clk 0:38:00]} 12. d4
{[%clk 1:08:54]} g4 {[%clk 0:33:03]} 13. hxg4 {[%clk 1:02:34]} Nxg4
{[%clk 0:32:54]} 14. dxe5 {[%clk 0:43:43]} dxe5 {[%clk 0:25:42]} 15. Nc4
{[%clk 0:42:51]} Qe6 {[%clk 0:24:20]} 16. Ncxe5 {[%clk 0:36:12]} Nxe5
{[%clk 0:24:24]} 17. Nxe5 {[%clk 0:36:37]} Rc8 {[%clk 0:24:33]} 18. Nd3
{[%clk 0:35:52]} Rg8 {[%clk 0:16:31]} 19. Nf4 {[%clk 0:35:30]} Qg4
{[%clk 0:15:34]} 20. g3 {[%clk 0:33:48]} Bh4 {[%clk 0:05:27]} 21. Nxh5
{[%clk 0:32:33]} Qxh5 {[%clk 0:05:53]} 22. Bf4 {[%clk 0:31:08]} Qf3
{[%clk 0:05:44]} 23. Qa6 {[%clk 0:27:14]} Ke7 {[%clk 0:00:34]} 24. Qb7+
{[%clk 0:26:02]} Ke6 {[%clk 0:00:32]} 25. Rad1 {[%clk 0:24:45]} Be7
{[%clk 0:00:31]} 26. Qd7+ {[%clk 0:24:36]} 1-0

[Event "World Chess Olympiad 2018"]
[Site "Batumi"]
[Date "2018.10.04"]
[Round "10"]
[Board "3"]
[WhiteFideId "2274477"]
[White "Luke Brezmes Cristofer"]
[BlackFideId "7400268"]
[Black "Rowe Duane"]
[Result "0-1"]
[LiveChessVersion "1.4.8"]
[BlackElo "2147"]
[WhiteElo "2124"]

1. e4 {[%clk 1:30:56]} c5 {[%clk 1:30:54]} 2. Nf3 {[%clk 1:31:17]} e6
{[%clk 1:31:15]} 3. d4 {[%clk 1:30:17]} cxd4 {[%clk 1:31:38]} 4. Nxd4
{[%clk 1:30:38]} Nc6 {[%clk 1:32:01]} 5. Nb5 {[%clk 1:29:32]} d6 {[%clk 1:32:17]}
6. Bf4 {[%clk 1:29:47]} e5 {[%clk 1:32:40]} 7. Be3 {[%clk 1:27:11]} Nf6
{[%clk 1:33:04]} 8. Bd3 {[%clk 1:22:47]} Be6 {[%clk 1:24:53]} 9. c4
{[%clk 1:22:45]} Be7 {[%clk 1:15:15]} 10. h3 {[%clk 1:20:54]} O-O
{[%clk 1:13:11]} 11. O-O {[%clk 1:20:02]} Nd7 {[%clk 1:03:49]} 12. N1c3
{[%clk 1:14:43]} a6 {[%clk 1:03:33]} 13. Na3 {[%clk 1:14:52]} g6 {[%clk 0:58:33]}
14. Nd5 {[%clk 1:04:43]} Bg5 {[%clk 0:58:02]} 15. Nc2 {[%clk 0:55:11]} Kh8
{[%clk 0:45:39]} 16. Kh2 {[%clk 0:49:21]} Rc8 {[%clk 0:41:55]} 17. f4
{[%clk 0:45:45]} exf4 {[%clk 0:41:37]} 18. Nxf4 {[%clk 0:45:36]} Nce5
{[%clk 0:35:00]} 19. b3 {[%clk 0:39:20]} Nc5 {[%clk 0:30:41]} 20. Ne1
{[%clk 0:35:07]} Qe7 {[%clk 0:27:21]} 21. Bc2 {[%clk 0:30:04]} b5
{[%clk 0:27:24]} 22. cxb5 {[%clk 0:28:02]} axb5 {[%clk 0:27:45]} 23. Qd2
{[%clk 0:28:03]} Bf6 {[%clk 0:25:59]} 24. Rd1 {[%clk 0:27:48]} Rfd8
{[%clk 0:18:49]} 25. Nf3 {[%clk 0:20:18]} Qb7 {[%clk 0:13:01]} 26. Nd4
{[%clk 0:17:41]} Bg7 {[%clk 0:11:42]} 27. Nfxe6 {[%clk 0:16:58]} fxe6
{[%clk 0:09:39]} 28. Bh6 {[%clk 0:15:55]} b4 {[%clk 0:05:07]} 29. Bxg7+
{[%clk 0:14:19]} Kxg7 {[%clk 0:05:31]} 30. a3 {[%clk 0:12:07]} Rb8
{[%clk 0:03:32]} 31. axb4 {[%clk 0:11:46]} Qxb4 {[%clk 0:03:42]} 32. Qg5
{[%clk 0:11:21]} Re8 {[%clk 0:03:58]} 33. Rf4 {[%clk 0:09:53]} Rb7
{[%clk 0:03:31]} 34. Nf5+ {[%clk 0:05:32]} exf5 {[%clk 0:03:21]} 35. exf5
{[%clk 0:05:53]} Qc3 {[%clk 0:02:38]} 36. fxg6 {[%clk 0:02:22]} Qxc2
{[%clk 0:02:57]} 37. gxh7+ {[%clk 0:02:00]} Kh8 {[%clk 0:02:55]} 38. Qf6+
{[%clk 0:01:56]} Rg7 {[%clk 0:03:17]} 39. Rg1 {[%clk 0:01:37]} Qg6
{[%clk 0:02:38]} 40. b4 {[%clk 0:30:39]} Qg3+ {[%clk 0:32:16]} 41. Kh1
{[%clk 0:27:58]} Ne6 {[%clk 0:24:13]} 42. Re4 {[%clk 0:21:06]} Ng5
{[%clk 0:23:29]} 43. Re2 {[%clk 0:19:14]} Qd3 {[%clk 0:15:01]} 44. Rge1
{[%clk 0:18:31]} Nxh7 {[%clk 0:14:59]} 45. Qf2 {[%clk 0:15:05]} Rf8
{[%clk 0:14:57]} 46. Qe3 {[%clk 0:13:48]} Qb5 {[%clk 0:14:33]} 47. Qd4
{[%clk 0:13:52]} Rf1+ {[%clk 0:10:57]} 48. Rxf1 {[%clk 0:09:10]} Qxe2
{[%clk 0:11:21]} 49. Rf2 {[%clk 0:09:27]} Qe1+ {[%clk 0:10:31]} 50. Kh2
{[%clk 0:09:46]} Nc6 {[%clk 0:09:53]} 51. Qh4 {[%clk 0:06:11]} Rg8
{[%clk 0:06:12]} 52. b5 {[%clk 0:04:49]} Ne5 {[%clk 0:06:40]} 53. Qd4
{[%clk 0:04:37]} Rg7 {[%clk 0:05:09]} 54. b6 {[%clk 0:04:18]} Nc6
{[%clk 0:04:35]} 55. Qh4 {[%clk 0:04:11]} Qe5+ {[%clk 0:04:50]} 56. g3
{[%clk 0:03:41]} Qe8 {[%clk 0:04:03]} 57. Qh6 {[%clk 0:03:43]} Rd7
{[%clk 0:03:12]} 58. h4 {[%clk 0:02:53]} Ne5 {[%clk 0:03:36]} 59. Kh3
{[%clk 0:02:32]} Nf7 {[%clk 0:03:07]} 60. Qf4 {[%clk 0:02:28]} Qe6+
{[%clk 0:03:05]} 61. g4 {[%clk 0:02:39]} Ne5 {[%clk 0:03:08]} 62. Qb4
{[%clk 0:01:59]} Rb7 {[%clk 0:02:21]} 63. Rf4 {[%clk 0:00:53]} Nf6
{[%clk 0:02:34]} 64. Rf5 {[%clk 0:00:37]} Nfxg4 {[%clk 0:02:51]} 65. Kg3
{[%clk 0:00:50]} Nh6 {[%clk 0:02:58]} 66. Rg5 {[%clk 0:01:00]} Qd5
{[%clk 0:03:02]} 67. Qc3 {[%clk 0:00:32]} Rf7 {[%clk 0:02:52]} 68. Qc8+
{[%clk 0:00:39]} Kh7 {[%clk 0:03:15]} 69. Qc2+ {[%clk 0:00:35]} Qd3+
{[%clk 0:03:01]} 70. Qxd3+ {[%clk 0:01:03]} Nxd3 {[%clk 0:03:25]} 71. Ra5
{[%clk 0:00:34]} Nc5 {[%clk 0:03:41]} 72. Ra7 {[%clk 0:00:43]} Nb7
{[%clk 0:03:43]} 73. h5 {[%clk 0:00:39]} Kg7 {[%clk 0:03:52]} 74. Ra1
{[%clk 0:00:33]} Nc5 {[%clk 0:03:52]} 75. Ra7 {[%clk 0:00:43]} Kf6
{[%clk 0:03:30]} 76. Kf4 {[%clk 0:00:59]} Rb7 {[%clk 0:03:26]} 0-1